The use of criminal penalties for pollution of the environment: a selective and annot. bibliogr. of the literature
| Authors: | ; |
|---|---|
| Corporate Author: | |
| Contributors: | |
| Format: | Print Book |
| Language: | English French |
| Published: |
Ottawa
Dep. of Justice Canada
1988 [erschienen] 1989
|
| In: | Year: 1989 |
| Availability in Tübingen: | Present in Tübingen. UB: KB 8 E 4937 |
| Check availability: | HBZ Gateway |
| Subito Delivery Service: | Order now. |
| Keywords: |
MARC
| LEADER | 00000cam a2200000 c 4500 | ||
|---|---|---|---|
| 001 | 274987074 | ||
| 003 | DE-627 | ||
| 005 | 20220512120704.0 | ||
| 007 | tu | ||
| 008 | 990101s1989 xx ||||| b 00| ||eng c | ||
| 020 | |a 0662556887 |9 0-662-55688-7 | ||
| 024 | 8 | |a Cat. Nr. @J23-6/2-1988 |q Identnummer | |
| 035 | |a (DE-627)274987074 | ||
| 035 | |a (DE-576)037059769 | ||
| 035 | |a (DE-599)GBV274987074 | ||
| 035 | |a (OCoLC)246509397 | ||
| 035 | |a (OCoLC)311897242 | ||
| 040 | |a DE-627 |b ger |c DE-627 |e rakwb | ||
| 041 | |a eng |a fre | ||
| 100 | 1 | |a Chappell, Duncan |d 1939- |0 (DE-588)172031672 |0 (DE-627)672909790 |0 (DE-576)160556651 |4 aut | |
| 109 | |a Chappell, Duncan 1939- | ||
| 245 | 1 | 4 | |a The use of criminal penalties for pollution of the environment |b a selective and annot. bibliogr. of the literature |c Duncan Chappell and Rhonda D. Moore |
| 246 | 1 | |i Parallelsacht. |a Le recours à des sanctions pénales contre la pollution de l'environnement | |
| 264 | 1 | |a Ottawa |b Dep. of Justice Canada |c 1988 [erschienen] 1989 | |
| 300 | |a Getr. Zählung | ||
| 336 | |a Text |b txt |2 rdacontent | ||
| 337 | |a ohne Hilfsmittel zu benutzen |b n |2 rdamedia | ||
| 338 | |a Band |b nc |2 rdacarrier | ||
| 490 | 0 | |a Studies in regulation and compliance | |
| 500 | |a Text engl. u. franz. Franz. Hauptsacht.: Le recours à des sanctions pénales contre la pollution de l'environnement | ||
| 583 | 1 | |a Archivierung prüfen |c 20200919 |f DE-640 |z 1 |2 pdager | |
| 655 | 7 | |a Bibliografie |0 (DE-588)4006432-3 |0 (DE-627)104814519 |0 (DE-576)208865578 |2 gnd-content | |
| 700 | 1 | |a Moore, Rhonda |4 aut | |
| 700 | 1 | |a Moore, Rhonda D. |4 oth | |
| 710 | 2 | |a Kanada |b Department of Justice |0 (DE-588)117447-2 |0 (DE-627)102017026 |0 (DE-576)190605618 |4 oth | |
| 935 | |i Blocktest | ||
| 951 | |a BO | ||
| ELC | |b 1 | ||
| LOK | |0 000 xxxxxcx a22 zn 4500 | ||
| LOK | |0 001 3221585330 | ||
| LOK | |0 003 DE-627 | ||
| LOK | |0 004 274987074 | ||
| LOK | |0 005 19960123000000 | ||
| LOK | |0 008 940126||||||||||||||||ger||||||| | ||
| LOK | |0 040 |a DE-21 |c DE-627 |d DE-21 | ||
| LOK | |0 852 |a DE-21 | ||
| LOK | |0 852 1 |c KB 8 E 4937 |9 00 | ||
| LOK | |0 935 |a krim | ||
| LOK | |0 936ln |a k10.5.4 | ||
| LOK | |0 939 |a 26-01-94 |b l01 | ||
| ORI | |a SA-MARC-krimdoka001.raw | ||
| SIG | |a UB: KB 8 E 4937 | ||
